000
00428nam a2200133Ia 4500
008
100328s9999 xx 000 0 und d
082
_b
33101
100
_a
पांढरीपांडे विजय
245
_a
टोकियो टॉवर वरुन
260
_b
मधुर
630
_a
टोकियो टॉवर वरुन
730
_a
टोकियो टॉवर वरुन
942
_c
BOOK
999
_c
523670
_d
523667